Регионална библиотека "Любен Каравелов" - Русе

[Сто] 100 най-велики изследователи (Запис номер 98380)

MARC детайли
000 -Лидер
Контролно поле с фиксирана дължина 01799nam a2200421 c 4500
003 - Код на организацията, давaща контролен номер
Контролно поле BLK
005 - Дата и час на последна редакция
Контролно поле 20241219112924.0
008 - Елементи от данни с фиксирана дължина
fixed length control field 180409b bul|||||r ||||||| ||bul||
010 ## - Наследен системен номер
LC control number KNG00103322000
020 ## - Международен стандартен номер на книга ISBN
Международен стандартен номер на книга ISBN 954-625-265-4
-- издат.: Фют
040 ## - Източник на каталожния запис
Идентификатор на билиотеката - собственик на записа BLK
041 ## - Код за език
Код за езика на текст/звукозапис или на отделно заглавие Български
Код за езика КДБФ Български
080 ## - УДК
Текстов определител УДК Откривателски пътешествия. Експедиции
УДК код - определител по УДК 910.4
УДК определител (091)(092)
УДК - код + определител 910.4(091)(092)
080 ## - УДК
Текстов определител УДК Биографии
УДК код - определител по УДК 929
УДК определител (100)
УДК - код + определител 929(100)
100 1# - Редна дума - Автор
Автор Полард, Майкъл
Авторска отговорност първи автор
R(LIN) 254173
139 ## - Редно поле
Редна дума Полард, Майкъл
Авторски знак Пол - П 69
245 10 - Сведения за заглавието
Заглавие [Сто] 100 най-велики изследователи
Редно поле (дума) Майкъл Полард; прев. Екатерина Христева Митренцева.
257 ## - Страна на издаване
Страна на създаване/издаване Великобритания
260 ## - Област на издателските данни
-- София
Име на издателя, разпространителя и проч. Фют
Година на издаване 2001
Печатница София : ПК Д. Благоев ООД
300 ## - Физическа характеристика
Страници 111 с.
Илюстрации и др. с цв. ил.
Размери/Мащаб 28 см
380 ## - Жанр
Жанр География
500 ## - Общи забележки
Забележка Ориг. загл. 100 Greatest Explorers / Michael Pollard. - Офс. изд. - Азб. показалец.
650 #4 - Допълнително описание по предмет – тема
Основно описание – тема или топоним Изследвания
9 (RLIN) 156671
650 #7 - Допълнително описание по предмет – тема
Основно описание – тема или топоним Географски пътешествия и открития - история
Източник на редна или ключова дума
9 (RLIN) 151894
650 #4 - Допълнително описание по предмет – тема
Основно описание – тема или топоним Пътешественици
9 (RLIN) 168581
653 ## - Ключова дума – ненормативна
Ключова дума изследвания
653 ## - Ключова дума – ненормативна
Ключова дума открития
653 ## - Ключова дума – ненормативна
Ключова дума географски открития
653 ## - Ключова дума – ненормативна
Ключова дума пътешественици
653 ## - Ключова дума – ненормативна
Ключова дума пътешествия
700 ## - Други автори (авторска отговорност)
Лично име Митренцева, Екатерина Христева
9 (RLIN) 270859
852 ## - Местоположение
Форматна сигнатура Цб ІІ 11738
856 4# - Електронен адрес и достъп
Електронен формат pdf - файл
Път до файла /url/
856 4# - Електронен адрес и достъп
Електронен формат pdf - файл
Път до файла /url/
942 ## - АРТИКУЛИ
Вид на библиотечния материал Книги
Скрит в OPAC Не
Koha issues (borrowed), all copies 1
944 ## - СЪЗДАВАНЕ И РЕДАКЦИЯ на ЗАПИСА
Създаване/Редакция Създаване
Дата на регистрацията/редакция 01.01.2001
Служител, извършил регистрацията/редакцията 30560
Статус, дата на статуса Геновева Генчева
944 ## - СЪЗДАВАНЕ И РЕДАКЦИЯ на ЗАПИСА
Създаване/Редакция Редакция
Дата на регистрацията/редакция 23.06.2016
Служител, извършил регистрацията/редакцията Виолета_Тройчева
999 ## - СИСТЕМНИ КОНТРОЛНИ НОМЕРА
Koha biblionumber 98380
Koha biblioitemnumber 98380
Наличности
Код за отписване Код за изгубен артикул Код за повреда Коз за рестрикции Код за отдаване Артикулен № Име на библиотеката - собственик Име на библиотеката, в която се намира в момента Статус (Текущо местоположение) Дата на вписване в системата Местоположение - отдел Цена в лева Инвентарен номер Систематично азбучна сигнатура Баркод Номер на екземпляра Цена в евро Служебна бележка Служебен тип на артикула Източник на класификационната схема
  Не е изгубен Не е повреден без рестрикции заемане за дома 158308 Регионална библиотека "Любен Каравелов" Русе Регионална библиотека "Любен Каравелов" Русе Детски отдел 2002-09-20 Детски отдел 10.90 120000672330 Д 91/П 69 120000672330 1 5.57 Дост: Pk Вид: Ф N: 3529 Дата: 19.09.2002 Дата инв: 21.08.2015 Бележки инв: Д2015 Книги  
  Не е изгубен Не е повреден без рестрикции заемане за дома 158309 Регионална библиотека "Любен Каравелов" Русе Регионална библиотека "Любен Каравелов" Русе Подвързия, Комплектуване 2002-12-20 Детски отдел 10.90 120000674109 ДН 91/П 69 120000674109 2 5.57 Дост: Pk Вид: Ф N: 8602 Дата: 19.12.2002 Дата инв: 24.08.2015 Бележки инв: Д2015 Книги Universal Decimal Classification
  Не е изгубен Не е повреден без рестрикции заемане за дома 158310 Регионална библиотека "Любен Каравелов" Русе Регионална библиотека "Любен Каравелов" Русе Детски отдел 2002-12-20 Детски отдел 10.90 120000674117 Д 91/П 69 120000674117 3 5.57 Дост: Pk Вид: Ф N: 8602 Дата: 19.12.2002 Дата инв: 24.08.2015 Бележки инв: Д2015 Книги  
  Не е изгубен Не е повреден само за читалня ползва се в читалня 158311 Регионална библиотека "Любен Каравелов" Русе Регионална библиотека "Любен Каравелов" Русе Хранилище 2004-06-14 Хранилище 0.00 120000686167 Цб ІІ 11738 120000686167 4 0.00 Дост: Dp Вид: Д N: 32 Дата: 30.07.2003 Книги Universal Decimal Classification
  Не е изгубен Не е повреден без рестрикции заемане за дома 158312 Регионална библиотека "Любен Каравелов" Русе Регионална библиотека "Любен Каравелов" Русе Детски отдел 2008-07-22 Подвързия, Комплектуване 10.90 120000727731 ДН 91/П 69 120000727731 5 5.57 Дост: Pk Вид: Ф N: 6001 Дата: 17.07.2008 Дата инв: 24.08.2015 Бележки инв: Д2015 Книги Universal Decimal Classification
Vip Innovations Ltd, Rousse, Bulgaria 2025